| 000 | 00555nam a2200169Ia 4500 | ||
|---|---|---|---|
| 008 | 170725s9999 xx 000 0 und d | ||
| 100 | _aAmarjeet | ||
| 245 | _aImproving modular structure of software system using structural and lexical dependency | ||
| 245 | _cAmarjeet, Jitender Kumar Chhabra | ||
| 260 | _c2017 | ||
| 300 | _apages 96-120, February | ||
| 440 |
_aInformation and software technology _v82: |
||
| 500 | _aCJ0029 | ||
| 650 | _aMulti-objective optimization | ||
| 650 | _aRemodularization | ||
| 650 | _aSearch-based software engineering | ||
| 999 |
_c340893 _d340893 |
||